Statistics for NBA Players by Last Name

Click here to take the quiz!

General Stats

  • This quiz has been taken 60,584 times
    (17,903 since last reset)
  • The average score is 21 of 27

Answer Stats

First NameLast Name% Correct
JamesHarden
97%
KevinDurant
97%
LarryBird
96%
KareemAbdul-Jabbar
94%
DennisRodman
93%
JoelEmbiid
93%
ScottiePippen
93%
WiltChamberlain
92%
DirkNowitzki
91%
CharlesBarkley
90%
DeMarDeRozan
84%
HakeemOlajuwon
84%
VictorWembanyama
76%
BobCousy
74%
ClydeDrexler
74%
AlonzoMourning
72%
NikolaJokić
72%
DikembeMutombo
71%
KristapsPorzingis
71%
PejaStojaković
71%
PeteMaravich
69%
HedoTürkoğlu
68%
GeorgeGervin
62%
BillLaimbeer
59%
ChristianLaettner
45%
DetlefSchrempf
41%
RikSmits
41%

Score Distribution

Percentile by Number Answered

Percent of People with Each Score

Your Score History

You have not taken this quiz since the last reset